Elderly Poverty in Slovakia

Enregistré dans:
Détails bibliographiques
Auteur principal: Šipikalová, Silvia, 1979-
Format: Chapitre de livre
Langue:anglais
Sujets:
Tags: Ajouter un tag
Pas de tags, Soyez le premier à ajouter un tag!

MARC

LEADER 00000naa a2200000 4500
001 0304980
005 20241108110930.0
041 0 |a eng 
044 |a US 
245 1 0 |a Elderly Poverty in Slovakia  |c Silvia Šipikalová 
500 |a Abstrakt 
610 2 0 |a starnutie populácie 
610 2 0 |a nerovnosť príjmová 
610 2 0 |a chudoba 
610 2 0 |a seniori 
610 2 0 |a služby sociálne 
610 2 0 |a Slovensko 
100 1 |a Šipikalová, Silvia, 1979-